00939nam a22002537a 450000100060000000300090000600500170001500800450003202000150007704000220009204100130011410000340012724502130016126000500037430000300042449000190045449000170047353400420049070000560053270000300058870000290061883000210064783000170066800260DO-SdBNP20180207145320.0151106b 1984 sp ||||| |||| 00| 0 spa d a847525182X aBPMSUbspacBPMSU17aspahfre1 aGrandville, J. J.,d1803-184710aVida privada y pública de los animales / cJ. J. Grandville ; traducción José maría González-Ruiz ; revisión, apéndices y notas M. I. Villarino ; Emilio Pascual ; ilustración J. J. Grandville aMadrid : bEdiciones Generales Anaya, c1984. a359 p. : bil. ; c20 cm.1 aTus librosv48 aSatíricos  aVie privée et publique des animaux. aGonzález Ruiz, José María, d1916-2005, etr.1 aVillarino, María Isabel12aPascual, Emilio, d1948- 0aTus libros ;n48 0aSatíricos